|
|
|
|
| LEADER |
00000cam a2200000 i 4500 |
| 001 |
1/99000 |
| 008 |
081209s1949 gr | ||| |||| ||gre|| |
| 035 |
|
|
|l 10102296
|
| 040 |
|
|
|a GR-MY-UA
|b gre
|e aacr
|
| 041 |
0 |
|
|a gre
|
| 082 |
7 |
|
|a 938.482
|2 (22)
|
| 100 |
1 |
|
|a Κοραής, Αδαμάντιος,
|d 1748-1833.
|
| 245 |
1 |
0 |
|a Αδελφική διδασκαλία :
|b προς τους ευρισκομένους κατά πάσαν την οθωμανικήν επικράτειαν γραικούς /
|c Αδαμάντιο Κοραή ; με εισαγωγή και επιμέλεια: Γ. Βαλέτα.
|
| 260 |
|
|
|a Αθήνα :
|b Πηγή,
|c 1949.
|
| 300 |
|
|
|a 64 σ. ;
|c 18 εκ.
|
| 500 |
|
|
|a Πατριωτικός λόγος γραμμένος στα 1798 και τυπωμένος ανώνυμα στο Παρίσι από τον Αδαμάντιο Κοραή. Ξανατυπώνεται τώρα από το αρχέτυπο μαζί με την "Πατρική διδασκαλία" του Πατριάρχη Ιεροσολύμων Άνθιμου.
|
| 650 |
0 |
0 |
|a Enlightenment
|z Greece.
|
| 650 |
0 |
0 |
|a Intellectuals
|z Greece.
|
| 651 |
|
0 |
|a Greece
|x Intellectual life
|y 1453-1821.
|
| 700 |
1 |
|
|a Βαλέτας, Γιώργος Μ.,
|d 1907-1989,
|e edt
|e aui
|
| 852 |
|
|
|a INST
|b RHODES
|c AKA
|e 20081209
|h 938.482 ΚΟΡ
|p 005400028230
|q 005400028230
|t BK
|y 0
|
| 901 |
|
|
|a BIBL4-2008-3
|
| 909 |
|
|
|a Ρ
|b 156483
|
| 970 |
|
|
|a ΧΑΡΙΟΠΟΛΙΤΟΥ
|b ΚΩΝΣΤΑΝΤΙΝΑ
|z 2008/12/09
|